| 000 | 01560nam a2200397Ii 4500 | ||
|---|---|---|---|
| 001 | DIGBOSCH0330 | ||
| 003 | NyNyDIG | ||
| 006 | m o d | ||
| 007 | cr ||||||||||| | ||
| 008 | 230411s2022 sp ob 000 0 por d | ||
| 035 | _a(OCoLC)1347695579 | ||
| 040 |
_aDGITA _beng _erda _epn _cDGITA |
||
| 020 |
_a9788419045416 _qdigital |
||
| 020 |
_z9788419045409 _qpapel |
||
| 050 | 1 | 4 | _aHV9275 ebook |
| 100 | 1 |
_aOrdeñana Gezuraga, Ixusko, _eauthor. |
|
| 245 | 1 | 0 |
_aTratamiento judicial de los hombres violentos de género : _banálisis lege data y propuestas de mejora lege ferenda / _cIxusko Ordeñana Gezuraga. |
| 264 | 1 |
_aBarcelona : _bJ.M. Bosch Editor, _c2022. |
|
| 300 | _a1 online resource. | ||
| 336 |
_atext _btxt _2rdacontent |
||
| 337 |
_acomputer _bc _2rdamedia |
||
| 338 |
_aonline resource _bcr _2rdacarrier |
||
| 347 |
_atext file _2rdaft |
||
| 347 | _bPDF | ||
| 504 | _aIncludes bibliographical references. | ||
| 588 | 0 | _aOnline resource; title from PDF title page (Digitalia, viewed April 11, 2023) | |
| 650 | 0 | _aCriminals Rehabilitation. | |
| 650 | 0 | _aWomen Abuse of. | |
| 650 | 0 | _aWomen Violence against. | |
| 791 | 2 |
_aDigitalia (Firm), _edistributor. |
|
| 793 | 0 |
_gDigitalia eBook Collection: _aBosch Editor |
|
| 776 | 0 | 8 |
_iPrint version: _aOrdeñana Gezuraga, Ixusko. _tTratamiento judicial de los hombres violentos de género. _dBarcelona : J.M. Bosch Editor, 2022 _z9788419045409 |
| 856 | 4 | 0 |
_3Digitalia Hispánica _uhttps://www.digitaliapublishing.com/a/119177/ |
| 910 | _aPremium collection: 2023 | ||
| 942 | _cRAA | ||
| 999 |
_c275956 _d275956 |
||